3D graphics in pascal “Translation of 3D-Graphik in PASCAL”.
Saved in:
| Main Author: | |
|---|---|
| Format: | Book |
| Language: | English |
| Published: |
John Wiley
1990.
|
| Tags: |
Add Tag
No Tags, Be the first to tag this record!
|
MARC
| LEADER | 00000nam a22000007a 4500 | ||
|---|---|---|---|
| 008 | 201218b ||||| |||| 00| 0 eng d | ||
| 020 | |a : 0-471-92451-2 | ||
| 100 | |a BIELIC-SCHULE, G. (Gisela) | ||
| 245 | |a 3D graphics in pascal |b “Translation of 3D-Graphik in PASCAL”. | ||
| 260 | |b John Wiley |c 1990. |h Chichester: |i 280528 |l T385 .B47 | ||
| 500 | |a “Translation of 3D-Graphik in PASCAL”. | ||
| 942 | |a lcc |c BK |e j o ifatola |f 18/ 12/ 2020 | ||
| 952 | |0 0 |1 0 |2 lcc |4 0 |6 T0385 B47 |7 0 |9 823 |a HOL |b HOL |c QZ |d 2020-12-18 |l 0 |o T385 .B47 |p 2020-230037 |r 2020-12-18 00:00:00 |w 2020-12-18 |y BK | ||
| 999 | |c 461 |d 461 | ||